000
00278nam a2200109Ia 4500
008
200302s9999 xx 000 0 und d
100
_a
Morris Lapidus
245
_a
Architecture A Profession and A Business
260
_b
Van Nostrand Reinhold Co.,
260
_c
1967
300
_a
207 P.,
999
_c
98
_d
98